000 00239 a2200097 4500
001 125199
040 _cEscola Canadense de Niteroi
100 _aMartin, Justin McCory
245 1 0 _aPunctuation Tales - The New Mayor of Dogville
942 _cBK
999 _c125199
_d125199